• 首页
  • 本馆介绍
  • 公告通知
  • 最新文献
  • 馆藏检索
  • 电子资源
  • 读者导购
  • 参考咨询
  • 我的图书馆
  • 登录
  • 详细信息显示
  • 放入我的书架
  • 预约/预借图书
  • 作者相关作品
  • 分类相关作品
  • 丛书相关作品
  • 出版社相关作品

书目信息

  • 表格格式
  • 工作单格式
  • 卡片格式
题名:
东京梦华录
    
 
作者: 孟元老 , 骆天骧 撰
分册:  
出版信息: 北京   中华书局  2020
页数: 158页
开本: 20cm
丛书名:
单 册:
中图分类: K296.13
科图分类:
主题词:
电子资源:
ISBN: 978-7-101-14709-4
000 00848nam0 2200265 450
001 2151021266
005 20210104141037.08
010    @a978-7-101-14709-4@dCNY19.50
100    @a20201215d2020 em y0chiy50 ea
101 0  @achi
102    @aCN@b110000
105    @aa z 000yy
200 1  @a东京梦华录@9dong jing meng hua lu@b专著@f(元)骆天骧撰
210    @a北京@c中华书局@d2020
215    @a158页@c图@d20cm
300    @a都城风物
314    @a撰者取自封面
330    @a本书记述北宋开封的皇城建筑、城内各坊、民众的饮食起居、岁时节令,囊括汴京生活的方方面面。
500 10 @a东京梦华录@9dong jing meng hua lu
607    @a开封@x地方史@z北宋@j史料
690    @aK296.13@v5
701  0 @c(宋)@a孟元老@9meng yuan lao@f(1103?-1147?)@4撰
701  0 @a骆天骧@Aluo tian xiang@4撰
801  2 @aCN@b58marc.cn@c20201230
905    @aMUSE@dK296.13@e3
    
    东京梦华录/(元)骆天骧撰.-北京:中华书局,2020
    158页:图;20cm
    都城风物
    
    ISBN 978-7-101-14709-4:CNY19.50
    本书记述北宋开封的皇城建筑、城内各坊、民众的饮食起居、岁时节令,囊括汴京生活的方方面面。
●
相关链接 在五车中查询图书 在当当中查询图书 在豆瓣中查询图书


正题名:东京梦华录     索取号:K296.13/3         预约/预借

序号 登录号 条形码 馆藏地/架位号 状态 备注
1 2000878682   2000878682   第二书库/ [索取号:K296.13/3] 在馆    
2 2000878683   2000878683   第二书库/ [索取号:K296.13/3] 在馆    
3 2000878684   2000878684   第二书库/ [索取号:K296.13/3] 在馆    
山东省滨州职业学院图书馆 欢迎您!
大连网信软件有限公司© 版权所有